| 000 | 00788nam a2200205 a 4500 | ||
|---|---|---|---|
| 001 | 000041686 | ||
| 005 | 20201002035713.0 | ||
| 008 | 131015s1998 sp 000 0 spa d | ||
| 020 | _z8489796390 | ||
| 040 |
_aDO-SdBNP _bspa _cBNPHU |
||
| 082 |
_axxx _bM238P |
||
| 100 | 1 |
_aPimentel, Juan _d1962- _968496 |
|
| 245 | 1 | 3 |
_aLa física de la monarquía : _bciencia y política en el pensamiento colonial de Alejandro Malaspina (1754-1810) / _cJuan Pimentel. |
| 260 |
_aAranjuez, Madrid : _bDoce calles, _c1998. |
||
| 300 |
_a437 p. : _bil., mapas, retrs. ; _c25 cm. |
||
| 490 | 1 |
_aTheatrum naturae _ahistoria natural |
|
| 500 | _aIncluye referencias bibliográficas y notas al pie de las páginas | ||
| 504 | _aBibliografía : p. 404-419 | ||
| 830 | 0 |
_aTheatrum naturae _phistoria natural _968495 |
|
| 999 |
_c41176 _d41176 |
||